| 000 | 01141nam a2200301 a 4500 | ||
|---|---|---|---|
| 001 | 000110879 | ||
| 003 | CHAP | ||
| 005 | 20220329144149.0 | ||
| 008 | 141017s2014 mx a fsm |||||||spa d | ||
| 010 | _a107341 | ||
| 011 | _a108313 | ||
| 040 | _cCHAP | ||
| 090 | _aTesis | ||
| 100 | 1 |
_aLópez Santiago, Donaciano _9128629 |
|
| 245 | 1 | 0 |
_aDiseño y constucción de dispositivo de acople para mochila aspersora motorizada _h[En línea] _cpor Donaciano López Santiago y Guillermo Rivera Cruz. |
| 260 |
_aChapingo, Méx. : _bEl autor, _c2014. |
||
| 500 | _aPara ver el contenido del material haga clic en la liga | ||
| 502 | _aTesis (Ing. en Mecánico Agrícola) -- UACH. Departamento de Ingeniería Mecánica Agrícola | ||
| 590 |
_aE5995AHE _b05 _c20141017 _lUCH01 _h0920 |
||
| 590 |
_aE5995AHE _b05 _c20141017 _lUCH01 _h0930 |
||
| 650 | 1 | 4 |
_aAspersores. _98126 |
| 650 | 1 | 4 |
_aMaquinaria agrícola _xDiseño. _971168 |
| 700 | 1 |
_aRivera Cruz, Guillermo _9128630 |
|
| 856 |
_aFinding aid _uhttp://www.ceres.chapingo.mx:2048/login?url=http://10.13.5.2/tesis/sist110879.pdf _zTeclea aquí |
||
| 901 | _aBK | ||
| 942 | _cTESIS | ||
| 942 | _n0 | ||
| 999 |
_c107341 _d107341 |
||